| 000 | 00966nam a22003015a 4500 | ||
|---|---|---|---|
| 008 | 150816s2006 UK a|||frb||| 001 0 eng d | ||
| 010 | _a 2006050702 | ||
| 020 | _a9780273693062 (pbk.) | ||
| 020 | _a0273693069 (pbk.) | ||
| 040 |
_aEG-ScBUE _beng _cEG-ScBUE |
||
| 082 | 0 | 4 |
_a338.5024658 _bNEL _222 |
| 100 | 1 | _aNellis, J. G. | |
| 245 | 1 | 0 |
_aPrinciples of business economics / _cJoseph G. Nellis, David Parker. |
| 250 | _a2nd ed. | ||
| 260 |
_aEdinburgh: _bFinanical Time Prentice Hall, _c2006. |
||
| 300 |
_axxvi, 421 p. : _bill, _c25 cm. |
||
| 500 | _aIndex : p. 414-421. | ||
| 500 | _aGlossary : p. 397-413. | ||
| 504 | _aInclude bibliographic references. | ||
| 590 | _amenna elemam | ||
| 650 | 0 |
_aManagerial economics. _2BUEsh |
|
| 650 | 0 |
_aMicroeconomics _2BUEsh |
|
| 650 | 0 |
_aBusiness _2BUEsh |
|
| 651 | _2BUEsh | ||
| 653 |
_bBUSECO _cAugust2015 |
||
| 700 | 1 |
_aParker, David. _d1949 Sept. 28- |
|
| 942 |
_cBB _k338.5024658 NEL _2ddc |
||
| 999 |
_c8946 _d2353 |
||